header

Cathodic protection (Record no. 27044)

MARC details
000 -LEADER
fixed length control field 01226nam a2200313Ia 4500
082 04 - DEWEY DECIMAL CLASSIFICATION NUMBER
Classification number 620.1/1223
100 1# - MAIN ENTRY--AUTHOR NAME
Personal name Cicek, Volkan.
245 10 - TITLE STATEMENT
Title Cathodic protection
260 ## - PUBLICATION, DISTRIBUTION, ETC. (IMPRINT)
Place of publication Hoboken, NJ :
Name of publisher John Wiley and Sons, Inc.,
Year of publication c2013.
300 ## - PHYSICAL DESCRIPTION
Number of Pages xx, 329 p.
650 #0 - SUBJECT ADDED ENTRY--TOPICAL TERM
Topical Term Cathodic protection.
Topical Term Corrosion and anti-corrosives.
856 40 - ELECTRONIC LOCATION AND ACCESS
Uniform Resource Identifier http://site.ebrary.com/lib/rucke/Doc?id=10715321

No items available.

© 2026 Rongo University
Contact us: librarian | system librarian | Rongo university